| 000 | 00766nam a2200265 a 4500 | ||
|---|---|---|---|
| 999 |
_c5274 _d5274 |
||
| 001 | 5274 | ||
| 003 | BD-JhCC | ||
| 005 | 20171213113551.0 | ||
| 008 | 171211s1987 e a|||| || | 001 0 eng d | ||
| 020 | _a081337197X | ||
| 020 | _a0946688095 | ||
| 035 | _a(BD-JhCC)5274 | ||
| 040 |
_aBD-JhCC _dBD-JhCC |
||
| 041 | _aeng | ||
| 082 |
_a635.21 _bHOR 1987 |
||
| 100 | _aHorton, Douglas | ||
| 245 |
_aPotatoes : Production, Marketing, and Developing Countries / _cDouglas Horton, |
||
| 260 |
_aLondon : _bIT Publications, _c1987. |
||
| 300 |
_a243 p. : _c23 cm. |
||
| 650 |
_aPotato Industry _zDeveloping Countries |
||
| 650 |
_aPatatoes _zDeveloping Countries |
||
| 650 |
_aPatatoes _vGovernment Policy _zDeveloping Countries |
||
| 942 |
_2ddc _cBK |
||